000
00328nam a22001457a 4500
008
210512b ||||| |||| 00| 0 eng d
020
_a
9780072315356
041
_a
eng
080
_2
2nd
_a
338
082
_2
338
100
_a
53
101
_a
MEN
245
_a
Management Information Systems
_c
Stephen Haag
942
_2
udc
_c
BK
999
_c
57280
_d
57280